[Event "Brandenburg-ch Seniors 18th"]
[Site "Rowy"]
[Date "2009.06.29"]
[Round "8"]
[White "Niezgoda, Boleslaw"]
[Black "Gensch, Manfred"]
[Result "0-1"]
[WhiteElo "1647"]
[BlackElo "1695"]
[PlyCount "129"]
[EventDate "2009.06.22"]
[EventType "swiss"]
[EventRounds "9"]
[EventCountry "POL"]
[SourceTitle "EXT 2022"]
[Source "ChessBase"]
[SourceDate "2021.10.06"]
[SourceVersion "1"]
[SourceVersionDate "2021.10.06"]
[SourceQuality "1"]

1. e4 c5 2. f4 Nc6 3. c3 Nf6 4. d3 d6 5. Nf3 g6 6. Be2 Bg7 7. 0-0 0-0 8. Nbd2 b5 9. Qc2 a5 10. Kh1 Ng4 11. Nb1 Bb7 12. f5 Nce5 13. Ng5 gxf5 14. exf5 Nf6 15. Qd1 Rc8 16. Bf4 Nc6 17. Nd2 b4 18. Rb1 Nd5 19. Nh3 bxc3 20. Ne4 cxb2 21. f6 Nxf6 22. Bg4 Nxe4 23. dxe4 Rb8 24. Bf5 e6 25. Bxh7+ Kxh7 26. Qh5+ Kg8 27. Ng5 Qxg5 28. Qxg5 e5 29. Bg3 Nd4 30. Qe3 Nc2 31. Qd3 Nb4 32. Qd2 Bxe4 33. Rxb2 d5 34. Qg5 f6 35. Qg4 Rfe8 36. a3 Nc6 37. Rxb8 Nxb8 38. Bh4 f5 39. Qg6 Rf8 40. Be7 f4 41. Qe6+ Kh7 42. Bxf8 Bxf8 43. Qxe5 Nd7 44. Qxf4 Bg7 45. Qh4+ Kg8 46. Qd8+ Nf8 47. Qxa5 c4 48. Qc7 c3 49. a4 c2 50. a5 Bh6 51. Qf7+ Kh8 52. Qh5 Kg7 53. Qe5+ Kg8 54. Qf6 c1Q 55. Rxc1 Bxc1 56. h4 Bd2 57. a6 Be3 58. Qe7 Ng6 59. Qf6 Nf4 60. Qd8+ Kf7 61. Qb8 Bxg2+ 62. Kh2 d4 63. Kg3 Kg6 64. Qb6+ Kf7 65. Qd6 0-1

[Event "Brandenburg-ch Seniors 18th"]
[Site "Rowy"]
[Date "2009.06.27"]
[Round "6"]
[White "Gensch, Manfred"]
[Black "Ewald, Horst"]
[Result "1/2-1/2"]
[WhiteElo "1695"]
[BlackElo "1551"]
[PlyCount "103"]
[EventDate "2009.06.22"]
[EventType "swiss"]
[EventRounds "9"]
[EventCountry "POL"]
[SourceTitle "EXT 2022"]
[Source "ChessBase"]
[SourceDate "2021.10.06"]
[SourceVersion "1"]
[SourceVersionDate "2021.10.06"]
[SourceQuality "1"]

1. e4 e5 2. Nf3 d6 3. d4 exd4 4. Nxd4 Bd7 5. Nc3 Ne7 6. Bc4 Nbc6 7. Bg5 Ne5 8. Bb3 a6 9. a3 c5 10. Nf5 Bxf5 11. exf5 c4 12. Ba2 Rc8 13. f6 gxf6 14. Bxf6 Rg8 15. Bxe5 dxe5 16. Qxd8+ Kxd8 17. 0-0 Rc6 18. Ne4 f5 19. Rfd1+ Kc7 20. Nd2 b5 21. a4 Rcg6 22. g3 h5 23. axb5 axb5 24. c3 Nc6 25. b3 cxb3 26. Bxb3 R8g7 27. Bd5 Bc5 28. Bxc6 Kxc6 29. Nf3 Re7 30. Ra6+ Bb6 31. Ra8 f4 32. Kf1 fxg3 33. hxg3 Rf6 34. Kg2 Kb7 35. Ra2 e4 36. Nd4 e3 37. f4 h4 38. Re2 hxg3 39. Kxg3 Re4 40. f5 b4 41. Kf3 Rh4 42. Rxe3 Rh3+ 43. Ke2 Rxe3+ 44. Kxe3 bxc3 45. Rd3 Rd6 46. f6 c2 47. Kd2 Bxd4 48. Kxc2 Rc6+ 49. Kd2 Bxf6 50. Ke3 Kc7 51. Ke4 Be7 52. Kd5 1/2-1/2